Mechanics and properties of composed materials and structures /

Bibliographic Details
Corporate Author: ebrary, Inc
Other Authors: Öchsner, Andreas, Silva, Lucas Filipe Martins da, 1973-, Altenbach, Holm, 1956-
Format: eBook
Language:English
Published: Heidelberg : Springer, 2012.
Series:Advanced structured materials ; 31.
Subjects:
Online Access:Connect to the full text of this electronic book

MARC

Tag First Indicator Second Indicator Subfields
LEADER 00000cam a2200000Ia 4500
001 in00002781877
006 m d
007 cr cn|||||||||
008 120923s2012 gw a ob 000 0 eng d
005 20250816210547.3
010 |z  2012945731 
020 |z 9783642314964 
020 |z 9783642314971 
035 |a (CaPaEBR)ebr10596822 
035 |a (OCoLC)809543578 
040 |a CaPaEBR  |c CaPaEBR  |d UtOrBLW 
050 1 4 |a TA404.8  |b .M444 2012eb 
245 0 0 |a Mechanics and properties of composed materials and structures /  |c Andreas Öchsner, Lucas F. M. da Silva, Holm Altenbach ; editors. 
264 1 |a Heidelberg :  |b Springer,  |c 2012. 
300 |a 1 online resource (viii, 197 pages) :  |b illustrations 
336 |a text  |b txt  |2 rdacontent 
337 |a computer  |b c  |2 rdamedia 
338 |a online resource  |b cr  |2 rdacarrier 
490 1 |a Advanced structured materials,  |x 1869-8433 ;  |v 31 
504 |a Includes bibliographical references. 
500 |a Electronic resource. 
650 0 |a Materials  |x Mechanical properties. 
650 0 |a Materials  |x Research. 
655 7 |a Electronic books.  |2 local 
700 1 |a Öchsner, Andreas. 
700 1 |a Silva, Lucas Filipe Martins da,  |d 1973- 
700 1 |a Altenbach, Holm,  |d 1956- 
710 2 |a ebrary, Inc. 
830 0 |a Advanced structured materials ;  |v 31. 
856 4 0 |u https://ebookcentral.proquest.com/lib/tamucs/detail.action?docID=1030546  |y Connect to the full text of this electronic book  |t 0 
980 |a 121102  |b 129  |c USD  |e 129  |f YBP_EBR0000045794  |g 1 
999 f f |s fd029f45-3aed-340b-82cb-23e53bd5fe85  |i ff715be7-bc17-37c1-a5a1-22f1ef974c23  |t 0 
999 |a MARS 
952 f f |a Texas A&M University  |b College Station  |c Electronic Resources  |d Available Online  |t 0  |e TA404.8 .M444 2012eb  |h Library of Congress classification 
998 f f |a TA404.8 .M444 2012eb  |t 0  |l Available Online